Normal view
MARC view
- Makarenko, Anton Semenovich,
Entry Nombre Personal
001 - NUMERO DE CONTROL
- campo de control: 29100
003 - IDENTIFICADOR DE NUMERO DE CONTROL
- campo de control: UPN
005 - FECHA Y HORA DE LA ÜLTIMA TRANSACCIÓN
- campo de control: 20240912092951.0
008 - DATOS DE LONGITUD FIJA
- campo de control de longitud fija: nabaccnnaabn|||||||||| b |nc|||||d
035 ## - NUMERO DE CONTROL
- Número de control: UPN11000001206
040 ## - FUENTE DE CATALOGACIÓN
- Lenguaje de catalogación: SPA
- Agencia de transcripción: UPN
100 1# - ENCABEZAMIENTO - NOMBRE PERSONAL
- Nombre personal: Makarenko, Anton Semenovich,
- Fechas asociadas con el nombre: 1888-1939
400 1# - VEÁSE - NOMBRE DE PERSONA
- Personal name: Makarenko, Antón Semenovic,
- Dates associated with a name: 1888-1939
670 ## - FUENTE EN LA QUE SE LOCALIZARON DATOS
- Cita de la fuente: T
- Información localizada: Salvat universal
680 ## - NOTA PUBLICA DE ACCESO PÚBLICO
- Frase explicativa de la referencia: Pedagogo y escritor ruso
902 ## - CATALOGADOR
- Catalogador: DAA/020408
